[Event "Russian Women's Higher League 2021"]
[Site "?"]
[Date "2021.06.27"]
[Round "2.23"]
[White "Kostornichenko, Yana"]
[Black "Iljushina, Olga"]
[Result "1/2-1/2"]
[WhiteElo "1773"]
[BlackElo "2150"]
[Annotator ""]
[Source ""]
[Remark ""]

1.e4 {[%clk 1:30:58]} c5 {[%clk 1:30:54]} 2.Nf3 {[%clk 1:31:24]}
Nc6 {[%clk 1:31:19]} 3.d4 {[%clk 1:31:44]} cxd4 {[%clk 1:31:44]}
4.Nxd4 {[%clk 1:32:07]} g6 {[%clk 1:32:10]} 5.Nc3 {[%clk 1:31:53]}
Bg7 {[%clk 1:32:35]} 6.Be3 {[%clk 1:30:45]} Nf6 {[%clk 1:32:59]}
7.Bc4 {[%clk 1:30:46]} O-O {[%clk 1:33:01]} 8.Bb3 {[%clk 1:31:04]}
Ng4 {[%clk 1:32:21]} 9.Nxc6 {[%clk 1:15:27]} dxc6 {[%clk 1:32:22]}
10.Qxd8 {[%clk 1:14:57]} Rxd8 {[%clk 1:32:50]} 11.Bg5 {[%clk 1:14:43]}
Nf6 {[%clk 1:21:40]} 12.O-O {[%clk 1:13:15]} h6 {[%clk 1:21:13]}
13.Be3 {[%clk 1:08:51]} b6 {[%clk 1:19:46]} 14.f3 {[%clk 1:08:21]}
Ba6 {[%clk 1:18:47]} 15.Rfd1 {[%clk 1:08:28]} e6 {[%clk 1:14:56]}
16.a4 {[%clk 1:04:22]} c5 {[%clk 1:07:59]} 17.a5 {[%clk 0:56:54]}
Rxd1+ {[%clk 1:06:20]} 18.Rxd1 {[%clk 0:54:56]} c4 {[%clk 1:01:41]}
19.Ba2 {[%clk 0:49:25]} Ne8 {[%clk 0:59:28]} 20.Na4 {[%clk 0:39:38]}
bxa5 {[%clk 0:53:01]} 21.b3 {[%clk 0:35:23]} Bb5 {[%clk 0:51:59]}
22.Nc5 {[%clk 0:28:15]} c3 {[%clk 0:47:05]} 23.Nb7 {[%clk 0:25:06]}
a4 {[%clk 0:46:27]} 24.Nc5 {[%clk 0:24:13]} axb3 {[%clk 0:45:14]}
25.Bxb3 {[%clk 0:24:22]} a5 {[%clk 0:44:48]} 26.Na4 {[%clk 0:22:29]}
Nc7 {[%clk 0:37:15]} 27.Kf2 {[%clk 0:21:07]} Rb8 28.Nb6 Bf8 {[%clk 0:26:28]}
29.Ra1 {[%clk 0:13:47]} Bb4 30.Na4 Kh7 {[%clk 0:24:06]} 31.Bd4
{[%clk 0:10:44]} Bxa4 {[%clk 0:20:44]} 32.Bxa4 {[%clk 0:11:06]}
Na6 {[%clk 0:20:17]} 33.Ke2 {[%clk 0:07:42]} Rd8 {[%clk 0:19:04]}
34.Rd1 {[%clk 0:07:32]} g5 {[%clk 0:16:04]} 35.Be3 {[%clk 0:07:31]}
Rxd1 {[%clk 0:15:59]} 36.Kxd1 {[%clk 0:07:57]} Bc5 {[%clk 0:13:01]}
37.Bc1 {[%clk 0:04:22]} Bg1 {[%clk 0:11:49]} 38.h3 {[%clk 0:04:44]}
Kg6 {[%clk 0:10:15]} 39.Ke2 {[%clk 0:04:43]} Kf6 {[%clk 0:08:59]}
40.Bb5 {[%clk 0:33:40]} Nb4 {[%clk 0:38:44]} 41.Kd1 {[%clk 0:33:23]}
Ke5 {[%clk 0:38:19]} 42.Be8 {[%clk 0:26:39]} f6 {[%clk 0:36:35]}
43.Bd7 {[%clk 0:26:08]} Kd6 {[%clk 0:31:12]} 44.Ba4 {[%clk 0:26:26]}
Na2 {[%clk 0:29:59]} 45.Ba3+ {[%clk 0:24:05]} Bc5 {[%clk 0:29:32]}
46.Bb3 {[%clk 0:20:05]} Bxa3 {[%clk 0:26:01]} 47.Bxa2 {[%clk 0:20:29]}
Ke5 {[%clk 0:14:49]} 48.Ke2 {[%clk 0:20:43]} Bc1 {[%clk 0:15:04]}
49.Kd3 {[%clk 0:20:12]} Bd2 {[%clk 0:15:27]} 50.Kc4 {[%clk 0:18:56]}
Kf4 {[%clk 0:14:11]} 51.Kb5 {[%clk 0:18:54]} e5 {[%clk 0:11:28]}
52.Kxa5 {[%clk 0:18:52]} Kg3 {[%clk 0:11:51]} 53.Be6 {[%clk 0:19:09]}
Kxg2 {[%clk 0:12:06]} 54.Bg4 {[%clk 0:19:32]} Kg3 {[%clk 0:12:00]}
55.Kb5 {[%clk 0:19:20]} Kh4 {[%clk 0:12:20]} 56.Bf5 {[%clk 0:17:34]}
h5 {[%clk 0:06:40]} 57.Bg6 {[%clk 0:17:56]} Kxh3 {[%clk 0:06:54]}
58.Bxh5 {[%clk 0:18:21]} Kg3 {[%clk 0:06:14]} 59.Bg4 {[%clk 0:18:02]}
Kf4 {[%clk 0:06:01]} 60.Kb4 {[%clk 0:16:00]} Ke3 {[%clk 0:06:09]}
61.Kc4 {[%clk 0:15:51]} Be1 {[%clk 0:06:21]} 62.Bh5 {[%clk 0:15:31]}
Kd2 {[%clk 0:06:44]} 63.Kb3 {[%clk 0:15:52]} Bf2 {[%clk 0:07:08]}
64.Bg4 {[%clk 0:15:24]} Bd4 {[%clk 0:07:33]} 65.Bh5 {[%clk 0:15:31]}
Ke3 {[%clk 0:07:07]} 66.Kc4 {[%clk 0:15:17]} f5 {[%clk 0:05:40]}
67.exf5 {[%clk 0:13:23]} e4 {[%clk 0:05:56]} 68.Kd5 {[%clk 0:05:57]}
exf3 {[%clk 0:06:22]} 69.Bxf3 {[%clk 0:06:14]} Bh8 {[%clk 0:06:42]}
70.Bh1 {[%clk 0:05:38]} g4 {[%clk 0:06:23]} 71.Ke6 {[%clk 0:05:55]}
g3 {[%clk 0:06:34]} 72.f6 {[%clk 0:06:13]} Kf2 {[%clk 0:06:44]}
73.f7 {[%clk 0:06:29]} Bg7 {[%clk 0:07:09]} 74.Kd5 {[%clk 0:06:35]}
g2 {[%clk 0:02:52]} 75.Bxg2 {[%clk 0:06:58]} Kxg2 {[%clk 0:03:21]}
76.Ke4 1/2-1/2

[Event "Russian Women's Higher League 2021"]
[Site "?"]
[Date "2021.06.27"]
[Round "2.24"]
[White "Grigorieva, Yulia"]
[Black "Asatryan, Maria"]
[Result "1-0"]
[WhiteElo "2143"]
[BlackElo "1621"]
[Annotator ""]
[Source ""]
[Remark ""]

1.d4 {[%clk 1:30:55]} Nf6 {[%clk 1:30:56]} 2.c4 {[%clk 1:31:19]}
g6 {[%clk 1:31:21]} 3.Nc3 {[%clk 1:29:39]} d5 {[%clk 1:31:32]}
4.cxd5 {[%clk 1:25:30]} Nxd5 {[%clk 1:31:45]} 5.e4 {[%clk 1:24:14]}
Nxc3 {[%clk 1:31:34]} 6.bxc3 {[%clk 1:24:42]} Bg7 {[%clk 1:31:56]}
7.Nf3 {[%clk 1:24:56]} c5 {[%clk 1:30:44]} 8.Be3 {[%clk 1:24:23]}
Nc6 {[%clk 1:26:21]} 9.Rc1 {[%clk 1:22:45]} cxd4 {[%clk 1:21:04]}
10.cxd4 {[%clk 1:22:27]} Qa5+ {[%clk 1:18:12]} 11.Bd2 {[%clk 1:15:41]}
Qb6 {[%clk 1:03:56]} 12.d5 {[%clk 1:01:48]} Nd4 {[%clk 0:54:04]}
13.Bc3 {[%clk 0:47:03]} Nxf3+ {[%clk 0:45:57]} 14.Qxf3 {[%clk 0:47:30]}
Qc5 {[%clk 0:41:44]} 15.Bd2 {[%clk 0:40:31]} Qb6 {[%clk 0:36:51]}
16.Bc4 {[%clk 0:39:09]} O-O {[%clk 0:33:18]} 17.O-O {[%clk 0:38:36]}
Bd7 {[%clk 0:31:30]} 18.Qe2 {[%clk 0:31:33]} Rac8 {[%clk 0:26:49]}
19.Rfd1 {[%clk 0:25:53]} Ba4 20.Re1 Qd4 {[%clk 0:14:04]} 21.Bg5
{[%clk 0:18:26]} Rc7 {[%clk 0:09:22]} 22.Bd3 {[%clk 0:13:40]}
Qe5 {[%clk 0:03:12]} 23.Rxc7 {[%clk 0:11:08]} Qxc7 {[%clk 0:03:38]}
24.Rc1 {[%clk 0:10:49]} Qd7 {[%clk 0:03:20]} 25.Be3 {[%clk 0:09:14]}
a6 {[%clk 0:02:18]} 26.Qd2 {[%clk 0:06:40]} Rc8 {[%clk 0:01:00]}
27.Rxc8+ {[%clk 0:05:55]} Qxc8 {[%clk 0:01:26]} 28.Qb4 {[%clk 0:06:23]}
Bc2 {[%clk 0:01:17]} 29.Bf1 {[%clk 0:02:00]} Qc7 {[%clk 0:01:12]}
30.f3 {[%clk 0:01:02]} Bc3 {[%clk 0:00:44]} 31.Qa3 {[%clk 0:00:49]}
Kg7 {[%clk 0:00:40]} 32.Qc1 {[%clk 0:00:55]} Ba4 {[%clk 0:01:06]}
33.f4 {[%clk 0:00:47]} Ba5 {[%clk 0:00:39]} 34.Bd4+ {[%clk 0:00:55]}
f6 {[%clk 0:00:39]} 35.Qe3 {[%clk 0:00:45]} Bc2 {[%clk 0:00:34]}
36.e5 {[%clk 0:00:50]} Qd7 {[%clk 0:00:58]} 37.d6 {[%clk 0:00:40]}
exd6 {[%clk 0:01:13]} 38.exf6+ {[%clk 0:01:00]} Kf7 {[%clk 0:01:37]}
39.Bc4+ {[%clk 0:01:03]} Kf8 {[%clk 0:01:44]} 40.f7 {[%clk 0:30:52]}
Ba4 {[%clk 0:31:38]} 41.Bg7+ {[%clk 0:25:42]} 1-0

[Event "Russian Women's Higher League 2021"]
[Site "?"]
[Date "2021.06.27"]
[Round "2.25"]
[White "Khmeleva, Anna"]
[Black "Filippova, Margarita"]
[Result "0-1"]
[WhiteElo "1640"]
[BlackElo "2075"]
[Annotator ""]
[Source ""]
[Remark ""]

1.e4 {[%clk 1:30:57]} e5 {[%clk 1:30:57]} 2.Nf3 {[%clk 1:31:18]}
Nc6 {[%clk 1:31:23]} 3.Bb5 {[%clk 1:31:41]} g6 {[%clk 1:31:47]}
4.d4 {[%clk 1:31:34]} exd4 {[%clk 1:32:10]} 5.c3 {[%clk 1:31:57]}
d3 {[%clk 1:32:15]} 6.Qxd3 {[%clk 1:32:12]} Bg7 {[%clk 1:28:47]}
7.O-O {[%clk 1:28:17]} Nge7 {[%clk 1:27:43]} 8.Bg5 {[%clk 1:27:36]}
h6 {[%clk 1:26:28]} 9.Bh4 {[%clk 1:25:05]} g5 {[%clk 1:21:43]}
10.Bg3 {[%clk 1:24:48]} Ng6 {[%clk 1:21:06]} 11.Bxc6 {[%clk 1:21:08]}
bxc6 {[%clk 1:20:34]} 12.Nd4 {[%clk 1:21:08]} Be5 {[%clk 1:13:29]}
13.Bxe5 {[%clk 1:18:06]} Nxe5 {[%clk 1:13:55]} 14.Qg3 {[%clk 1:18:24]}
Ng6 {[%clk 1:12:47]} 15.b3 {[%clk 1:08:26]} Nf4 {[%clk 1:03:53]}
16.Qe3 {[%clk 1:07:23]} Qf6 {[%clk 1:00:10]} 17.Nd2 {[%clk 1:04:46]}
Ba6 {[%clk 0:58:35]} 18.e5 {[%clk 1:03:20]} Qg6 {[%clk 0:53:53]}
19.c4 {[%clk 1:03:12]} O-O {[%clk 0:46:16]} 20.Ne4 {[%clk 1:01:45]}
Kh8 {[%clk 0:46:03]} 21.Rad1 {[%clk 1:00:57]} Bb7 {[%clk 0:41:53]}
22.Nf3 {[%clk 0:59:43]} Rfd8 {[%clk 0:36:59]} 23.h4 {[%clk 0:57:33]}
c5 {[%clk 0:33:29]} 24.Rfe1 {[%clk 0:43:22]} Qf5 {[%clk 0:27:00]}
25.Ng3 {[%clk 0:37:33]} Qg4 {[%clk 0:25:22]} 26.hxg5 {[%clk 0:37:37]}
hxg5 {[%clk 0:20:52]} 27.Nh2 {[%clk 0:33:47]} Qh4 {[%clk 0:18:08]}
28.Ne4 {[%clk 0:24:49]} Kg7 {[%clk 0:13:21]} 29.Qg3 {[%clk 0:20:24]}
Qxg3 {[%clk 0:12:19]} 30.fxg3 {[%clk 0:20:42]} Ne6 {[%clk 0:12:42]}
31.Nc3 {[%clk 0:19:51]} Bc6 {[%clk 0:12:15]} 32.Nf1 {[%clk 0:19:56]}
a5 {[%clk 0:11:43]} 33.Ne3 {[%clk 0:19:52]} a4 {[%clk 0:09:39]}
34.Ned5 {[%clk 0:17:45]} axb3 {[%clk 0:08:41]} 35.axb3 {[%clk 0:18:06]}
Ra3 {[%clk 0:08:41]} 36.Rb1 {[%clk 0:12:56]} Rb8 {[%clk 0:08:36]}
37.Kf2 {[%clk 0:11:23]} Rbxb3 {[%clk 0:07:20]} 38.Rxb3 {[%clk 0:11:23]}
Rxb3 {[%clk 0:07:47]} 39.Ne4 {[%clk 0:11:32]} Rd3 {[%clk 0:06:06]}
40.Nef6 {[%clk 0:40:40]} Rd2+ {[%clk 0:31:23]} 41.Kf1 {[%clk 0:39:26]}
Nd4 {[%clk 0:25:05]} 42.Ne8+ {[%clk 0:38:12]} Kf8 {[%clk 0:24:11]}
43.Nexc7 {[%clk 0:38:22]} Nf5 {[%clk 0:23:42]} 44.g4 {[%clk 0:37:44]}
Ng3+ {[%clk 0:23:41]} 45.Kg1 {[%clk 0:38:04]} Ne2+ {[%clk 0:23:43]}
46.Kf1 {[%clk 0:38:07]} Nf4 {[%clk 0:22:31]} 47.Rb1 {[%clk 0:35:31]}
Bxd5 {[%clk 0:20:37]} 48.Rb8+ {[%clk 0:35:22]} Kg7 {[%clk 0:20:43]}
49.Ne8+ {[%clk 0:35:44]} Kh6 {[%clk 0:19:42]} 50.cxd5 {[%clk 0:34:43]}
Nxd5 {[%clk 0:18:46]} 51.Nd6 {[%clk 0:34:09]} Ne3+ {[%clk 0:15:13]}
52.Ke1 {[%clk 0:34:27]} Rd5 {[%clk 0:15:36]} 53.Nxf7+ {[%clk 0:34:20]}
Kg6 {[%clk 0:15:35]} 54.Nd6 {[%clk 0:33:08]} Rxe5 {[%clk 0:15:38]}
55.Kf2 {[%clk 0:32:44]} Nxg4+ {[%clk 0:15:40]} 56.Kg3 {[%clk 0:33:05]}
Nf6 {[%clk 0:15:38]} 57.Rc8 {[%clk 0:32:51]} Rd5 {[%clk 0:15:16]}
58.Nc4 {[%clk 0:33:02]} d6 {[%clk 0:14:49]} 59.Kf3 {[%clk 0:33:11]}
Rd4 {[%clk 0:12:09]} 60.Ne3 {[%clk 0:32:44]} Nd5 {[%clk 0:11:11]}
61.Nc2 {[%clk 0:30:24]} Rd2 {[%clk 0:10:01]} 62.Ne1 {[%clk 0:30:14]}
Ne7 {[%clk 0:10:11]} 63.Rc7 {[%clk 0:30:09]} Nf5 {[%clk 0:10:29]}
64.g3 {[%clk 0:29:54]} Nd4+ {[%clk 0:10:38]} 65.Kg4 {[%clk 0:30:06]}
Ne6 {[%clk 0:10:58]} 66.Rc8 {[%clk 0:30:14]} Rd4+ {[%clk 0:11:23]}
67.Kf3 {[%clk 0:30:36]} c4 {[%clk 0:11:05]} 68.Ke3 {[%clk 0:30:43]}
d5 {[%clk 0:10:53]} 69.Rc6 {[%clk 0:30:58]} Re4+ {[%clk 0:11:17]}
70.Kd2 {[%clk 0:31:11]} Kf5 {[%clk 0:11:17]} 71.Ng2 {[%clk 0:31:04]}
Nd4 {[%clk 0:11:21]} 72.Rc5 {[%clk 0:31:21]} Nb3+ 0-1

[Event "Russian Women's Higher League 2021"]
[Site "?"]
[Date "2021.06.28"]
[Round "3.1"]
[White "Bodnaruk, Anastasia"]
[Black "Bivol, Alina"]
[Result "1/2-1/2"]
[WhiteElo "2446"]
[BlackElo "2374"]
[Annotator ""]
[Source ""]
[Remark ""]

1.e4 {[%clk 1:30:58]} e6 {[%clk 1:30:44]} 2.d4 {[%clk 1:31:22]}
d5 {[%clk 1:31:10]} 3.Nc3 {[%clk 1:31:47]} Nf6 {[%clk 1:30:44]}
4.e5 {[%clk 1:32:05]} Nfd7 {[%clk 1:31:08]} 5.f4 {[%clk 1:32:31]}
c5 {[%clk 1:31:33]} 6.Nf3 {[%clk 1:32:57]} Nc6 {[%clk 1:31:56]}
7.Be3 {[%clk 1:33:19]} a6 {[%clk 1:32:21]} 8.a3 {[%clk 1:32:50]}
cxd4 {[%clk 1:23:25]} 9.Nxd4 {[%clk 1:33:02]} Nxd4 {[%clk 1:21:35]}
10.Bxd4 {[%clk 1:33:06]} Nb8 {[%clk 1:18:22]} 11.Bd3 {[%clk 1:24:46]}
Nc6 {[%clk 1:17:44]} 12.Bf2 {[%clk 1:25:12]} Be7 {[%clk 1:17:52]}
13.O-O {[%clk 1:23:27]} O-O {[%clk 1:16:29]} 14.Na4 {[%clk 1:10:35]}
b5 {[%clk 1:13:32]} 15.Nc5 {[%clk 1:08:57]} b4 {[%clk 1:10:08]}
16.Qe2 {[%clk 0:59:02]} a5 {[%clk 1:02:40]} 17.a4 {[%clk 0:55:24]}
Qc7 {[%clk 1:02:09]} 18.Rac1 {[%clk 0:48:06]} Nb8 {[%clk 0:52:50]}
19.Nb3 {[%clk 0:46:20]} Ba6 {[%clk 0:50:25]} 20.c4 {[%clk 0:41:04]}
bxc3 {[%clk 0:49:33]} 21.Rxc3 {[%clk 0:40:02]} Bxd3 {[%clk 0:42:16]}
22.Qxd3 {[%clk 0:40:22]} Qd8 {[%clk 0:42:17]} 23.Nd4 {[%clk 0:30:52]}
Bb4 {[%clk 0:39:31]} 24.Rc2 {[%clk 0:30:01]} Na6 {[%clk 0:27:41]}
25.f5 {[%clk 0:26:52]} Nc5 {[%clk 0:25:00]} 26.Qh3 {[%clk 0:20:45]}
Ne4 {[%clk 0:24:07]} 27.f6 {[%clk 0:13:08]} Nxf2 {[%clk 0:19:26]}
28.Rfxf2 {[%clk 0:11:10]} Qb6 {[%clk 0:19:31]} 29.fxg7 {[%clk 0:05:39]}
Rfc8 {[%clk 0:18:56]} 30.Qf3 {[%clk 0:02:09]} Qa7 {[%clk 0:17:17]}
31.Nc6 {[%clk 0:00:41]} Rxc6 {[%clk 0:17:33]} 32.Rxc6 {[%clk 0:01:10]}
Be1 {[%clk 0:17:45]} 33.Rcc2 {[%clk 0:00:41]} Bxf2+ {[%clk 0:16:57]}
34.Rxf2 {[%clk 0:00:44]} Rc8 {[%clk 0:16:34]} 35.h4 {[%clk 0:00:35]}
Rc2 {[%clk 0:16:04]} 36.b3 {[%clk 0:00:33]} Kxg7 {[%clk 0:13:30]}
37.Kf1 {[%clk 0:00:36]} Rxf2+ {[%clk 0:11:11]} 38.Qxf2 {[%clk 0:01:05]}
Qc7 {[%clk 0:09:44]} 39.Qf6+ {[%clk 0:01:24]} Kg8 {[%clk 0:10:02]}
40.Qg5+ {[%clk 0:30:49]} Kf8 {[%clk 0:40:11]} 41.Qe3 {[%clk 0:17:16]}
Qc2 {[%clk 0:38:49]} 42.Kg1 {[%clk 0:14:49]} Qd1+ {[%clk 0:37:17]}
43.Kf2 {[%clk 0:14:38]} d4 {[%clk 0:36:41]} 44.Qg5 {[%clk 0:13:39]}
d3 {[%clk 0:34:28]} 45.Qd8+ {[%clk 0:13:48]} Kg7 {[%clk 0:34:57]}
46.Qg5+ {[%clk 0:13:41]} Kf8 {[%clk 0:35:25]} 47.Qd8+ {[%clk 0:14:07]}
Kg7 {[%clk 0:35:48]} 1/2-1/2

[Event "Russian Women's Higher League 2021"]
[Site "?"]
[Date "2021.06.28"]
[Round "3.2"]
[White "Garifullina, Leya"]
[Black "Charochkina, Daria"]
[Result "1/2-1/2"]
[WhiteElo "2399"]
[BlackElo "2333"]
[Annotator ""]
[Source ""]
[Remark ""]

1.e4 {[%clk 1:30:49]} e5 {[%clk 1:30:52]} 2.Nf3 {[%clk 1:31:10]}
Nf6 {[%clk 1:31:19]} 3.Nxe5 {[%clk 1:30:51]} d6 {[%clk 1:31:34]}
4.Nf3 {[%clk 1:31:10]} Nxe4 {[%clk 1:31:52]} 5.d4 {[%clk 1:31:09]}
d5 {[%clk 1:32:01]} 6.Bd3 {[%clk 1:31:29]} Bf5 {[%clk 1:32:18]}
7.O-O {[%clk 1:31:48]} Be7 {[%clk 1:32:22]} 8.Re1 {[%clk 1:29:59]}
O-O {[%clk 1:32:18]} 9.c4 {[%clk 1:29:33]} Nc6 {[%clk 1:32:08]}
10.Nc3 {[%clk 1:21:29]} Nxc3 {[%clk 1:30:23]} 11.bxc3 {[%clk 1:21:53]}
Bxd3 {[%clk 1:30:32]} 12.Qxd3 {[%clk 1:22:17]} dxc4 {[%clk 1:30:28]}
13.Qxc4 {[%clk 1:22:42]} Bd6 {[%clk 1:30:04]} 14.Qb5 {[%clk 1:18:52]}
Rb8 {[%clk 1:23:59]} 15.Bg5 {[%clk 1:15:20]} Qd7 {[%clk 1:13:04]}
16.c4 {[%clk 1:05:58]} a6 {[%clk 1:08:04]} 17.Qb2 {[%clk 0:59:07]}
b6 {[%clk 1:04:10]} 18.h3 {[%clk 0:56:43]} Rfe8 {[%clk 0:55:49]}
19.Qc2 {[%clk 0:53:06]} b5 {[%clk 0:49:16]} 20.Rxe8+ {[%clk 0:46:20]}
Rxe8 {[%clk 0:49:13]} 21.Bd2 {[%clk 0:43:15]} Nxd4 {[%clk 0:29:06]}
22.Nxd4 {[%clk 0:43:28]} Be5 {[%clk 0:29:34]} 23.cxb5 {[%clk 0:36:35]}
Bxd4 {[%clk 0:28:34]} 24.Rd1 {[%clk 0:29:52]} axb5 {[%clk 0:28:31]}
25.Be3 {[%clk 0:28:41]} c5 {[%clk 0:28:28]} 26.Qb3 {[%clk 0:24:45]}
h6 {[%clk 0:27:36]} 27.a3 {[%clk 0:23:32]} Re6 {[%clk 0:24:17]}
28.Bxd4 {[%clk 0:20:42]} cxd4 {[%clk 0:23:33]} 29.Qd3 {[%clk 0:20:53]}
Re5 {[%clk 0:20:12]} 30.Qg3 {[%clk 0:14:42]} Qd5 {[%clk 0:18:01]}
31.Qd3 {[%clk 0:12:17]} Qd6 {[%clk 0:15:11]} 32.g3 {[%clk 0:10:59]}
g6 {[%clk 0:15:15]} 33.Qd2 {[%clk 0:07:18]} g5 {[%clk 0:14:49]}
34.Qd3 {[%clk 0:07:07]} Rd5 {[%clk 0:10:29]} 35.Kg2 {[%clk 0:05:48]}
Kg7 {[%clk 0:10:29]} 36.Rc1 {[%clk 0:05:35]} Rc5 {[%clk 0:08:37]}
37.Rd1 {[%clk 0:05:32]} Qd5+ {[%clk 0:08:48]} 38.Qf3 {[%clk 0:04:50]}
Qxf3+ {[%clk 0:07:53]} 39.Kxf3 {[%clk 0:05:15]} Rc3+ {[%clk 0:08:18]}
40.Ke2 {[%clk 0:34:49]} Rxa3 {[%clk 0:38:38]} 41.Rxd4 {[%clk 0:35:15]}
Ra6 {[%clk 0:34:14]} 42.h4 {[%clk 0:28:37]} Kf6 {[%clk 0:32:20]}
43.hxg5+ {[%clk 0:26:56]} hxg5 {[%clk 0:32:27]} 44.Rd5 {[%clk 0:26:39]}
Re6+ {[%clk 0:23:09]} 45.Kd3 {[%clk 0:26:45]} Re5 {[%clk 0:22:41]}
46.Rd7 {[%clk 0:25:11]} Ke6 {[%clk 0:21:35]} 47.Rb7 {[%clk 0:25:31]}
Rf5 {[%clk 0:19:24]} 48.Ke4 {[%clk 0:20:23]} Re5+ {[%clk 0:19:53]}
49.Kd3 {[%clk 0:20:42]} Rd5+ {[%clk 0:19:33]} 50.Ke3 {[%clk 0:20:54]}
g4 {[%clk 0:11:42]} 51.f3 {[%clk 0:19:20]} gxf3 {[%clk 0:11:20]}
52.g4 {[%clk 0:19:01]} f6 {[%clk 0:07:15]} 53.Kxf3 {[%clk 0:19:03]}
Rc5 {[%clk 0:07:01]} 54.Ke4 {[%clk 0:18:41]} Rc4+ {[%clk 0:07:22]}
55.Kd3 {[%clk 0:19:04]} Rb4 {[%clk 0:07:42]} 56.Kc3 {[%clk 0:15:02]}
Rc4+ {[%clk 0:08:08]} 57.Kd3 {[%clk 0:15:28]} Rc5 {[%clk 0:04:01]}
58.Ke4 {[%clk 0:15:51]} Re5+ {[%clk 0:04:11]} 59.Kf4 {[%clk 0:15:50]}
Rc5 {[%clk 0:02:20]} 60.Ke4 {[%clk 0:16:00]} Rc4+ {[%clk 0:02:46]}
61.Rb6+ Ke5+ 1/2-1/2

[Event "Russian Women's Higher League 2021"]
[Site "?"]
[Date "2021.06.28"]
[Round "3.3"]
[White "Belenkaya, Dina"]
[Black "Guseva, Marina"]
[Result "0-1"]
[WhiteElo "2341"]
[BlackElo "2386"]
[Annotator ""]
[Source ""]
[Remark ""]

1.e4 {[%clk 1:30:56]} c5 {[%clk 1:30:56]} 2.Nf3 {[%clk 1:31:12]}
d6 {[%clk 1:31:19]} 3.d4 {[%clk 1:31:25]} cxd4 {[%clk 1:31:44]}
4.Qxd4 {[%clk 1:31:42]} Nf6 {[%clk 1:31:32]} 5.e5 {[%clk 1:15:05]}
Nc6 {[%clk 1:31:37]} 6.Qa4 {[%clk 1:10:27]} Ng4 {[%clk 1:19:24]}
7.Bb5 {[%clk 1:02:08]} Qb6 {[%clk 1:18:40]} 8.O-O {[%clk 1:00:53]}
Ngxe5 {[%clk 1:19:02]} 9.Nxe5 {[%clk 0:57:30]} dxe5 {[%clk 1:19:27]}
10.Na3 {[%clk 0:50:32]} Bd7 {[%clk 1:12:49]} 11.Nc4 {[%clk 0:46:19]}
Qc7 {[%clk 1:11:54]} 12.Be3 {[%clk 0:35:21]} a6 {[%clk 1:05:32]}
13.Nb6 {[%clk 0:17:15]} Rd8 {[%clk 1:02:01]} 14.Bc4 {[%clk 0:05:40]}
e6 {[%clk 0:55:26]} 15.Rad1 {[%clk 0:06:06]} Be7 {[%clk 0:51:37]}
16.Rd2 {[%clk 0:04:40]} O-O {[%clk 0:45:08]} 17.c3 {[%clk 0:04:40]}
Nb8 {[%clk 0:36:36]} 18.Qb3 {[%clk 0:03:58]} Bc8 {[%clk 0:30:53]}
19.Rxd8 {[%clk 0:03:09]} Rxd8 {[%clk 0:27:24]} 20.Nxc8 {[%clk 0:01:18]}
Qxc8 {[%clk 0:26:18]} 21.a4 {[%clk 0:01:20]} Bc5 {[%clk 0:20:33]}
22.Bg5 {[%clk 0:01:43]} Rd6 {[%clk 0:19:49]} 23.Be2 {[%clk 0:01:58]}
h6 {[%clk 0:18:33]} 24.Bc1 {[%clk 0:02:26]} Nd7 {[%clk 0:17:16]}
25.Qc4 {[%clk 0:02:41]} Rc6 {[%clk 0:16:58]} 26.Qh4 {[%clk 0:02:38]}
Bb6 {[%clk 0:14:35]} 27.Qg3 {[%clk 0:02:55]} Kh8 {[%clk 0:14:20]}
28.Kh1 {[%clk 0:02:55]} Bc7 {[%clk 0:13:40]} 29.Qh4 {[%clk 0:03:05]}
Bd8 {[%clk 0:11:11]} 30.Qg3 {[%clk 0:03:28]} f5 {[%clk 0:08:50]}
31.Qg6 {[%clk 0:02:34]} Nf8 {[%clk 0:09:01]} 32.Qf7 {[%clk 0:02:13]}
Bf6 {[%clk 0:08:29]} 33.g4 {[%clk 0:01:07]} Rc7 {[%clk 0:04:10]}
34.Qh5 {[%clk 0:01:34]} Nh7 {[%clk 0:02:41]} 35.h4 {[%clk 0:01:02]}
Nf8 {[%clk 0:02:34]} 36.g5 {[%clk 0:01:20]} g6 {[%clk 0:02:35]}
37.Qf3 {[%clk 0:01:11]} hxg5 {[%clk 0:02:29]} 38.hxg5 {[%clk 0:01:40]}
Rh7+ {[%clk 0:02:47]} 39.Kg2 {[%clk 0:02:06]} Be7 {[%clk 0:02:47]}
40.Rd1 {[%clk 0:31:46]} Qc7 {[%clk 0:32:12]} 41.Qg3 {[%clk 0:19:40]}
Kg8 {[%clk 0:24:42]} 42.Rh1 {[%clk 0:12:56]} Qc6+ {[%clk 0:23:35]}
43.f3 {[%clk 0:12:20]} Rxh1 {[%clk 0:18:00]} 44.Kxh1 {[%clk 0:12:49]}
Qxa4 {[%clk 0:18:03]} 45.Qxe5 {[%clk 0:12:02]} Qh4+ {[%clk 0:17:15]}
46.Kg2 {[%clk 0:12:19]} Bxg5 {[%clk 0:16:55]} 47.Bxg5 {[%clk 0:08:14]}
Qxg5+ {[%clk 0:17:21]} 48.Kf2 {[%clk 0:08:40]} Qe7 {[%clk 0:15:17]}
49.b4 {[%clk 0:08:04]} Kf7 {[%clk 0:14:22]} 50.f4 {[%clk 0:07:33]}
Nd7 {[%clk 0:14:19]} 51.Qd4 {[%clk 0:07:32]} Nf6 {[%clk 0:12:22]}
52.Bf3 {[%clk 0:07:53]} Qc7 {[%clk 0:08:34]} 53.c4 {[%clk 0:07:25]}
b6 {[%clk 0:08:26]} 54.Ke3 {[%clk 0:07:26]} Nd7 {[%clk 0:07:46]}
55.Bd1 {[%clk 0:04:48]} e5 {[%clk 0:07:28]} 56.Qd5+ {[%clk 0:04:28]}
Kf6 {[%clk 0:07:50]} 57.Ba4 {[%clk 0:04:30]} exf4+ {[%clk 0:08:09]}
58.Kd2 {[%clk 0:03:59]} Ne5 {[%clk 0:07:20]} 59.c5 {[%clk 0:04:11]}
bxc5 {[%clk 0:07:39]} 60.bxc5 {[%clk 0:03:57]} Qa5+ {[%clk 0:06:33]}
61.Kc1 {[%clk 0:04:08]} Qc3+ {[%clk 0:06:41]} 62.Bc2 {[%clk 0:03:51]}
Kg5 {[%clk 0:06:42]} 63.Qg2+ {[%clk 0:03:38]} Ng4 {[%clk 0:06:29]}
64.c6 {[%clk 0:03:28]} Kf6 {[%clk 0:04:57]} 65.Qh1 {[%clk 0:02:55]}
Kg7 {[%clk 0:02:59]} 66.Kb1 {[%clk 0:01:48]} f3 {[%clk 0:03:07]}
67.Qh4 {[%clk 0:01:22]} Qb4+ {[%clk 0:03:06]} 68.Ka2 {[%clk 0:01:33]}
f2 {[%clk 0:02:48]} 69.Qd8 {[%clk 0:00:31]} f1Q {[%clk 0:02:36]}
70.c7 {[%clk 0:00:51]} Qfc4+ {[%clk 0:03:01]} 0-1

[Event "Russian Women's Higher League 2021"]
[Site "?"]
[Date "2021.06.28"]
[Round "3.4"]
[White "Kovanova, Baira"]
[Black "Girya, Olga"]
[Result "1/2-1/2"]
[WhiteElo "2318"]
[BlackElo "2448"]
[Annotator ""]
[Source ""]
[Remark ""]

1.d4 Nf6 2.Nf3 e6 3.c4 d5 4.g3 Be7 5.Bg2 O-O 6.O-O dxc4 7.Ne5
Nc6 8.Bxc6 bxc6 9.Nxc6 Qe8 10.Nxe7+ Qxe7 11.Qa4 e5 12.dxe5 Qxe5
13.Qxc4 Be6 14.Qc2 Bf5 15.Qc4 Be6 16.Qc2 Bf5 17.Qc4 1/2-1/2